000 00765nam a2200205 a 4500
003 0
005 20250306081907.0
008 090714s19uu xx 00 eng d
050 _aPGS LB 1065
_b.P235 2009
100 _aPark, Joo Youn.
245 _aPiano playing and academic performance /
_cJoo Youn Park .
260 _aLas PiƱas City, Philippines :
_bSouthville International School and Colleges,
_c2009.
300 _a39pages :
_billustrations ;
_c28 cm.
504 _aIncludes bibliographical references.
650 _aMusic
_vPsychological aspects.
650 _aPiano
_vInstruction and study
_vCognitive benefits.
650 _aAcademic achievement
_vInfluencing factors.
650 _aMusic
_vEffect on academic performance.
942 _2lcc
_cPASS
999 _c98198
_d98198